[Event "GER-ch 78th"]
[Site "Bad Koenigshofen"]
[Date "2007.01.22"]
[Round "4"]
[White "Buhmann, Rainer"]
[Black "Baramidze, David"]
[Result "0-1"]
[WhiteElo "2547"]
[BlackElo "2551"]
[EventDate "2007.01.19"]
[PlyCount "82"]

1. Nf3 Nf6 2. c4 g6 3. Nc3 d5 4. cxd5 Nxd5 5. Qa4+ Bd7 6. Qh4 Nxc3 7. dxc3 Nc6 8. Qg3 Bg7 9. Bf4 Rc8 10. e4 O-O 11. O-O-O Qe8 12. e5 Bf5 13. Bd3 Bxd3 14. Rxd3 Rd8 15. Rxd8 Qxd8 16. h4 Qd5 17. h5 Qxa2 18. Qh2 Qa1+ 19. Kc2 Qa4+ 20. Kc1 gxh5 21. g3 Nb4 22. cxb4 Qc6+ 23. Kb1 Qxf3 24. Qxh5 Qe4+ 25. Ka1 a5 26. b5 Rd8 27. f3 Qd3 28. Bc1 Rd5 29. Qg4 e6 30. Qg5 Rxe5 31. Qe7 Qd6 32. Qh4 h5 33. Qa4 Qb4 34. Qxb4 axb4 35. b6 cxb6 36. Ka2 Rd5 37. Rh4 Rd1 38. Be3 Rd3 39. Bxb6 Rxf3 40. Bc7 b3+ 41. Ka3 b5 0-1

[Event "GER-ch 78th"]
[Site "Bad Koenigshofen"]
[Date "2007.01.22"]
[Round "4"]
[White "Enders, Peter"]
[Black "Knuth, Hannes"]
[Result "1/2-1/2"]
[WhiteElo "2433"]
[BlackElo "2301"]
[EventDate "2007.01.19"]
[PlyCount "105"]

1. e4 c5 2. Nf3 Nc6 3. d4 cxd4 4. Nxd4 e5 5. Nb5 a6 6. Nd6+ Bxd6 7. Qxd6 Qf6 8. Qa3 Qg6 9. Be3 Qxe4 10. Nc3 Qb4 11. Qxb4 Nxb4 12. O-O-O Ne7 13. Bc5 Nbc6 14. Bc4 O-O 15. Rhe1 Ng6 16. Bxf8 Kxf8 17. Ne4 b5 18. Bb3 f6 19. Nd6 Ke7 20. g3 Rb8 21. h4 Na5 22. Bg8 h6 23. h5 Nh8 24. Re4 Nb7 25. Nf5+ Kf8 26. Bh7 Nf7 27. Rg4 Ng5 28. f4 Nxh7 29. Rxg7 d5 30. Rxh7 Kg8 31. Rxh6 Bxf5 32. Rxf6 Be4 33. fxe5 Rc8 34. Rd2 Nc5 35. Kb1 Nd7 36. Re6 Kf7 37. Rxa6 Nxe5 38. Rf2+ Kg8 39. a4 bxa4 40. Rxa4 Nc4 41. Ka2 Rb8 42. c3 Ne5 43. b4 Nd3 44. Rd2 d4 45. cxd4 Nxb4+ 46. Kb3 Nd5+ 47. Ka3 Nc3 48. Rb4 Nb1+ 49. Rxb1 Rxb1 50. Re2 Bf3 51. Re5 Rd1 52. Rf5 Be4 53. Rf4 1/2-1/2

[Event "GER-ch 78th"]
[Site "Bad Koenigshofen"]
[Date "2007.01.22"]
[Round "4"]
[White "Fischer, Thomas2"]
[Black "Schellmann, Frank"]
[Result "1-0"]
[WhiteElo "2045"]
[BlackElo "2107"]
[EventDate "2007.01.19"]
[PlyCount "133"]

1. d4 f5 2. Bf4 Nf6 3. e3 g6 4. Nd2 Bg7 5. Bc4 e6 6. Ngf3 O-O 7. h3 Kh8 8. c3 d6 9. O-O Qe7 10. Bh2 Nc6 11. Bb3 e5 12. dxe5 dxe5 13. Nc4 Ne4 14. Qe2 g5 15. Bc2 Nd6 16. Nfd2 Be6 17. Nxd6 cxd6 18. f4 gxf4 19. exf4 e4 20. Qe3 Rfd8 21. Rad1 Rac8 22. Nb3 Bc4 23. Rf2 d5 24. Rfd2 b6 25. Kh1 Rc7 26. Bg1 Rcd7 27. Qg3 Rg8 28. Qe3 Bf6 29. Nc1 Bh4 30. Bf2 Bxf2 31. Rxf2 Qh4 32. Kh2 Rdg7 33. Ne2 Bxe2 34. Rxe2 Rg3 35. Qd2 e3 36. Qxd5 Qxf4 37. Kh1 Ne5 38. Qd4 Qxd4 39. Rxd4 Rf8 40. Kh2 f4 41. Rxf4 Rxg2+ 42. Kxg2 Rxf4 43. Rxe3 Nf7 44. Rf3 Rxf3 45. Kxf3 Kg7 46. Kf4 h6 47. Bb3 Nd6 48. Ke5 Nb7 49. Bc2 Kf7 50. b4 Ke7 51. Kf5 a5 52. Kg6 Nd6 53. Kxh6 Kf6 54. bxa5 bxa5 55. Kh5 Nb5 56. c4 Nc3 57. a4 Ne2 58. Kg4 Nd4 59. Bb1 Nc6 60. c5 Ke5 61. h4 Kd4 62. h5 Kxc5 63. h6 Ne5+ 64. Kf5 Nf7 65. h7 Kb4 66. Kf6 Nh8 67. Kg7 1-0

[Event "GER-ch 78th"]
[Site "Bad Koenigshofen"]
[Date "2007.01.22"]
[Round "4"]
[White "Hamann, Carsten"]
[Black "Suren, Peter"]
[Result "0-1"]
[WhiteElo "2216"]
[BlackElo "2211"]
[EventDate "2007.01.19"]
[PlyCount "80"]

1. e4 Nc6 2. Nf3 d5 3. exd5 Qxd5 4. Nc3 Qh5 5. Bb5 Bg4 6. d4 Bxf3 7. gxf3 e6 8. Bxc6+ bxc6 9. Qd3 Bb4 10. Bd2 Ne7 11. O-O-O Qa5 12. a3 Bxa3 13. Na2 Bb4 14. Bxb4 Qxa2 15. Qc3 Qa6 16. Ba3 Nd5 17. Qd2 O-O-O 18. Qg5 Rdg8 19. h4 Qe2 20. Qg3 a5 21. Rhe1 Qc4 22. f4 g6 23. b3 Qa6 24. c4 Nb4 25. Kb2 Rd8 26. Qg5 Qb6 27. Qf6 Rhf8 28. Qe5 Rd7 29. h5 Rfd8 30. Kc3 gxh5 31. Rh1 c5 32. dxc5 Rd3+ 33. Rxd3 Rxd3+ 34. Kb2 Qc6 35. Rg1 Rf3 36. Qd4 Rxf2+ 37. Kb1 Re2 38. Bxb4 axb4 39. Qh8+ Kb7 40. Qxh7 Qf3 0-1

[Event "GER-ch 78th"]
[Site "Bad Koenigshofen"]
[Date "2007.01.22"]
[Round "4"]
[White "Kachiani Gersinska, Ketino"]
[Black "Abel, Dennes"]
[Result "1/2-1/2"]
[WhiteElo "2374"]
[BlackElo "2294"]
[EventDate "2007.01.19"]
[PlyCount "97"]

1. d4 Nf6 2. c4 c5 3. d5 e6 4. Nc3 exd5 5. cxd5 d6 6. g3 g6 7. Bg2 Bg7 8. Nf3 O-O 9. O-O a6 10. a4 Nbd7 11. Bf4 Qc7 12. h3 Re8 13. Rc1 Rb8 14. b4 b6 15. a5 Nh5 16. Bd2 b5 17. e4 Qd8 18. Re1 Bb7 19. Bg5 Qc7 20. g4 Nhf6 21. Bf4 c4 22. Qd2 Ne5 23. Nxe5 dxe5 24. Be3 Bf8 25. Rb1 Bd6 26. Bg5 Nd7 27. h4 f6 28. Be3 Qd8 29. Ne2 Qe7 30. Qc3 Nf8 31. Bd2 Bc8 32. Qg3 Kh8 33. Bc3 g5 34. hxg5 fxg5 35. f4 gxf4 36. Nxf4 Ng6 37. Nxg6+ hxg6 38. g5 Bd7 39. Rf1 Rf8 40. Qh2+ Kg8 41. Qh6 Qg7 42. Qh4 Rxf1+ 43. Rxf1 Rf8 44. Rf6 Rxf6 45. gxf6 Qh7 46. Qg5 Qh5 47. Qxh5 gxh5 48. Bf3 Kf7 49. Bxh5+ 1/2-1/2

[Event "GER-ch 78th"]
[Site "Bad Koenigshofen"]
[Date "2007.01.22"]
[Round "4"]
[White "Naiditsch, Arkadij"]
[Black "Luther, Thomas"]
[Result "1-0"]
[WhiteElo "2663"]
[BlackElo "2580"]
[EventDate "2007.01.19"]
[PlyCount "139"]

1. e4 e6 2. d4 d5 3. Nc3 Bb4 4. e5 c5 5. a3 Bxc3+ 6. bxc3 Ne7 7. Qg4 Qc7 8. Qxg7 Rg8 9. Qxh7 cxd4 10. Ne2 dxc3 11. f4 b6 12. Ng3 Qc5 13. Nh5 Rf8 14. Nf6+ Kd8 15. Bd3 Nd7 16. Qh4 Nxf6 17. Qxf6 Kc7 18. a4 Nc6 19. Ba3 Nb4 20. Bxb4 Qxb4 21. O-O Bd7 22. f5 Rh8 23. Bb5 Rag8 24. Rf2 Bc8 25. Qxf7+ Kb8 26. Qf6 Rf8 27. Qg5 Rxf5 28. Rxf5 exf5 29. Qf6 Rg8 30. Bf1 Rf8 31. Qh6 Re8 32. Re1 Re6 33. Qe3 f4 34. Qd3 Qc5+ 35. Kh1 Qf2 36. Rd1 Rxe5 37. Qxc3 Rh5 38. Qf3 Qh4 39. h3 Re5 40. Rd4 Rf5 41. Bd3 Rf8 42. Kh2 Bb7 43. g3 fxg3+ 44. Qxg3+ Qxg3+ 45. Kxg3 Kc7 46. h4 Kd6 47. h5 Ke5 48. Rh4 Rg8+ 49. Kf2 Rf8+ 50. Ke2 Bc8 51. h6 Rh8 52. h7 Kf6 53. Ke3 Bd7 54. Rh6+ Kf7 55. Rh1 Re8+ 56. Kd4 Kg7 57. Bb5 Bxb5 58. axb5 Kh8 59. Kxd5 Rc8 60. c4 Rc5+ 61. Kd4 Rc8 62. Rh2 Rc5 63. Rh6 Rc7 64. Rc6 Rf7 65. Kd5 Kxh7 66. Kd6 Kg6 67. Rc7 Rf6+ 68. Kd5 Rf5+ 69. Kc6 Kf6 70. Kb7 1-0

[Event "GER-ch 78th"]
[Site "Bad Koenigshofen"]
[Date "2007.01.22"]
[Round "4"]
[White "Namyslo, Holger"]
[Black "Henrichs, Thomas"]
[Result "0-1"]
[WhiteElo "2281"]
[BlackElo "2483"]
[EventDate "2007.01.19"]
[PlyCount "68"]

1. e4 c5 2. c3 d5 3. exd5 Qxd5 4. d4 Nf6 5. Nf3 e6 6. Bd3 Be7 7. O-O O-O 8. Qe2 Nbd7 9. Bf4 Re8 10. Na3 a6 11. Nc4 b5 12. Nce5 Bb7 13. Rfe1 c4 14. Bc2 Nxe5 15. dxe5 Nd7 16. Qf1 Qc5 17. Rad1 Bxf3 18. gxf3 Rad8 19. Re4 Qc7 20. Qe2 Nb6 21. Be3 Rxd1+ 22. Qxd1 Rd8 23. Bd4 g6 24. h4 h5 25. Qf1 Bc5 26. Qg2 Bxd4 27. cxd4 Nd5 28. Qg5 Qe7 29. Qd2 Kg7 30. a3 c3 31. bxc3 Qxa3 32. Qg5 Rc8 33. Rg4 hxg4 34. Bxg6 Qe7 0-1

[Event "GER-ch 78th"]
[Site "Bad Koenigshofen"]
[Date "2007.01.22"]
[Round "4"]
[White "Prusikin, Michael"]
[Black "Von Herman, Ulf"]
[Result "1/2-1/2"]
[WhiteElo "2571"]
[BlackElo "2364"]
[EventDate "2007.01.19"]
[PlyCount "84"]

1. d4 d5 2. c4 c6 3. Nf3 Nf6 4. Nc3 a6 5. Ne5 Nbd7 6. Bf4 dxc4 7. Nxc4 b5 8. Ne5 Bb7 9. e3 e6 10. Qf3 Qb6 11. Bd3 Rd8 12. O-O c5 13. Ne4 Be7 14. Nxd7 Rxd7 15. dxc5 Bxc5 16. Nxf6+ gxf6 17. Be4 Bxe4 18. Qxe4 Ke7 19. Rac1 Bd6 20. Bxd6+ Rxd6 21. Rc2 h5 22. Qh4 Rd5 23. Rfc1 Qd6 24. Rc7+ Kf8 25. h3 Kg7 26. f4 Rh6 27. R1c2 Rd1+ 28. Kh2 Rd2 29. Rxd2 Qxd2 30. Qg3+ Rg6 31. Qf3 Qxb2 32. Qb7 Kg8 33. Rc8+ Kg7 34. Rc7 Kg8 35. Qc8+ Kg7 36. Rc2 Qa3 37. Qc3 Qxc3 38. Rxc3 f5 39. Rc7 h4 40. Kg1 e5 41. fxe5 Re6 42. Ra7 Rxe5 1/2-1/2

[Event "GER-ch 78th"]
[Site "Bad Koenigshofen"]
[Date "2007.01.22"]
[Round "4"]
[White "Reinhardt, Bernd"]
[Black "Lorscheid, Gerhard"]
[Result "1-0"]
[WhiteElo "2347"]
[BlackElo "2285"]
[EventDate "2007.01.19"]
[PlyCount "67"]

1. d4 g6 2. e4 d6 3. c3 Nf6 4. Nd2 Bg7 5. Ngf3 O-O 6. Be2 c6 7. O-O Qc7 8. Re1 e5 9. Bf1 Re8 10. dxe5 dxe5 11. Nc4 Rd8 12. Qc2 Nbd7 13. a4 Re8 14. b4 b6 15. Rd1 Bf8 16. Nfd2 a5 17. Ba3 axb4 18. cxb4 Qa7 19. b5 Bxa3 20. Rxa3 Qc7 21. Ne3 Bb7 22. Nd5 Nxd5 23. exd5 c5 24. Nc4 Qd8 25. Nd6 Rf8 26. Nxb7 Qc7 27. Be2 Qxb7 28. Bf3 Rad8 29. d6 Qb8 30. Bc6 Rfe8 31. a5 bxa5 32. Rxa5 Re6 33. Ra8 Qb6 34. Rxd8+ 1-0

[Event "GER-ch 78th"]
[Site "Bad Koenigshofen"]
[Date "2007.01.22"]
[Round "4"]
[White "Schenderowitsch, Michael"]
[Black "Koller, Jens"]
[Result "1-0"]
[WhiteElo "2268"]
[BlackElo "2246"]
[EventDate "2007.01.19"]
[PlyCount "79"]

1. c4 Nf6 2. Nc3 g6 3. g3 Bg7 4. Bg2 d6 5. e4 O-O 6. Nge2 e5 7. d3 c6 8. O-O a6 9. a4 a5 10. h3 Nh5 11. Kh2 Be6 12. f4 f5 13. Be3 Nd7 14. exf5 gxf5 15. Qc2 Qe8 16. Rae1 Qg6 17. Rg1 Nhf6 18. Rgf1 Nh5 19. Qd2 Rae8 20. b3 Nc5 21. Qc2 Bc8 22. Rg1 Ne6 23. Bf3 exf4 24. Bxh5 Qxh5 25. Nxf4 Nxf4 26. Bxf4 Bd4 27. Rgf1 Qg6 28. Qd2 Bd7 29. Rxe8 Rxe8 30. Re1 Qf6 31. Rxe8+ Bxe8 32. Ne2 Be5 33. Be3 Bh5 34. d4 Bxe2 35. dxe5 dxe5 36. Qxe2 Kf7 37. Qf2 Ke6 38. Kg2 Qe7 39. Bc5 Qd7 40. Qe2 1-0

[Event "GER-ch 78th"]
[Site "Bad Koenigshofen"]
[Date "2007.01.22"]
[Round "4"]
[White "Tischbierek, Raj"]
[Black "Meister, Jakob [RUS]"]
[Result "1-0"]
[WhiteElo "2486"]
[BlackElo "2491"]
[EventDate "2007.01.19"]
[PlyCount "75"]

1. e4 e6 2. d4 d5 3. Nd2 dxe4 4. Nxe4 Nd7 5. Nf3 Ngf6 6. Bd3 c5 7. O-O cxd4 8. Nxd4 Nc5 9. Nxf6+ gxf6 10. Bb5+ Bd7 11. b4 Bxb5 12. Nxb5 Nd7 13. Bf4 e5 14. Be3 a6 15. Nc3 Bxb4 16. Nd5 Be7 17. Qg4 Qc8 18. Qg7 Rf8 19. Qxh7 Qc4 20. Rfd1 Rc8 21. Bh6 Qxc2 22. Qxc2 Rxc2 23. Nxe7 Kxe7 24. Rxd7+ Kxd7 25. Bxf8 b5 26. h4 Ke6 27. a3 a5 28. Rd1 Rc6 29. h5 Kf5 30. Rd3 Rc8 31. Be7 Ke6 32. Bd8 e4 33. Rd4 Ke5 34. Rd1 b4 35. axb4 axb4 36. h6 e3 37. fxe3 Rc4 38. Rf1 1-0

[Event "GER-ch 78th"]
[Site "Bad Koenigshofen"]
[Date "2007.01.22"]
[Round "4"]
[White "Zill, Christoph"]
[Black "Degtiarev, Evgeny"]
[Result "0-1"]
[WhiteElo "2305"]
[BlackElo "2393"]
[EventDate "2007.01.19"]
[PlyCount "79"]

1. e4 e5 2. f4 exf4 3. Bc4 Qh4+ 4. Kf1 d6 5. d4 g5 6. Nc3 Ne7 7. Nf3 Qh5 8. h4 h6 9. e5 g4 10. exd6 gxf3 11. dxe7 fxg2+ 12. Kxg2 Qg6+ 13. Kf1 Bxe7 14. Bxf4 c6 15. Qf3 Bg4 16. Qe3 Rg8 17. Rh2 Na6 18. Bxa6 bxa6 19. Re1 Be6 20. d5 cxd5 21. Ree2 d4 22. Qxd4 Rd8 23. Qe3 Qf5 24. Reg2 Rxg2 25. Rxg2 Bd6 26. Rf2 Bc5 27. Qe4 Bxf2 28. Qxf5 Bxf5 29. Kxf2 h5 30. Bg5 Rd7 31. Ke3 Bxc2 32. Ne4 Bxe4 33. Kxe4 Rd1 34. a4 Kd7 35. Kf5 Rd4 36. Kf6 Ke8 37. a5 Rd5 38. Bf4 Rxa5 39. Be5 Rb5 40. Bc3 0-1

[Event "GER-ch 78th"]
[Site "Bad Koenigshofen"]
[Date "2007.01.23"]
[Round "5"]
[White "Abel, Dennes"]
[Black "Buhmann, Rainer"]
[Result "0-1"]
[WhiteElo "2294"]
[BlackElo "2547"]
[EventDate "2007.01.19"]
[PlyCount "76"]

1. e4 e6 2. d4 d5 3. Nc3 Nf6 4. e5 Nfd7 5. f4 c5 6. Nf3 Nc6 7. Be3 cxd4 8. Nxd4 Bc5 9. Qd2 O-O 10. O-O-O a6 11. Qf2 Bxd4 12. Bxd4 b5 13. Be3 b4 14. Na4 a5 15. h4 Ba6 16. h5 Qe7 17. h6 g6 18. Nb6 Nxb6 19. Bxb6 Rfc8 20. Bc5 Qd8 21. Kb1 a4 22. g4 b3 23. cxb3 axb3 24. a3 Nb8 25. Rc1 Nd7 26. Bxa6 Rxa6 27. Rh3 Rac6 28. Rhc3 Qa5 29. Bb4 Qb5 30. Qe3 Rxc3 31. Bxc3 Rc4 32. Bd4 Nb8 33. Ba7 Nc6 34. Qb6 Rxc1+ 35. Kxc1 Qf1+ 36. Kd2 Qxf4+ 37. Qe3 Qh2+ 38. Ke1 Qxb2 0-1

[Event "GER-ch 78th"]
[Site "Bad Koenigshofen"]
[Date "2007.01.23"]
[Round "5"]
[White "Baramidze, David"]
[Black "Naiditsch, Arkadij"]
[Result "1/2-1/2"]
[WhiteElo "2551"]
[BlackElo "2663"]
[EventDate "2007.01.19"]
[PlyCount "49"]

1. e4 e5 2. Nf3 Nc6 3. Bb5 Nf6 4. O-O Nxe4 5. d4 Nd6 6. Bxc6 dxc6 7. dxe5 Nf5 8. Qxd8+ Kxd8 9. Nc3 h6 10. h3 Bd7 11. b3 b6 12. Bb2 Ne7 13. Rad1 Kc8 14. Rd2 c5 15. Rfd1 Be6 16. Ne2 Ng6 17. Rd8+ Kb7 18. Rxa8 Kxa8 19. Rd8+ Kb7 20. g4 Rh7 21. Nh2 Be7 22. Rd1 Bg5 23. Nf3 Be7 24. Nh2 Bg5 25. Nf3 1/2-1/2

[Event "GER-ch 78th"]
[Site "Bad Koenigshofen"]
[Date "2007.01.23"]
[Round "5"]
[White "Becker, Marcel"]
[Black "Tabatt, Hendrik"]
[Result "1-0"]
[WhiteElo "2381"]
[BlackElo "2228"]
[EventDate "2007.01.19"]
[PlyCount "63"]

1. d4 c5 2. d5 d6 3. c4 g6 4. Nc3 Bg7 5. e4 Nf6 6. h3 O-O 7. Nf3 Na6 8. Bd3 Nc7 9. O-O Rb8 10. Bf4 Nd7 11. Qd2 Ne5 12. Nxe5 dxe5 13. Be3 Qd6 14. a3 b6 15. b4 Bd7 16. f3 f5 17. bxc5 bxc5 18. Qf2 Na6 19. Nb5 Bxb5 20. cxb5 fxe4 21. Bc4 exf3 22. bxa6 e4 23. Bxc5 Qe5 24. Rad1 Rb2 25. Rd2 Rxd2 26. Qxd2 Rb8 27. gxf3 exf3 28. Rxf3 Rb1+ 29. Rf1 Bh6 30. d6+ e6 31. Qf2 Rb8 32. Bd4 1-0

[Event "GER-ch 78th"]
[Site "Bad Koenigshofen"]
[Date "2007.01.23"]
[Round "5"]
[White "Beikert, Guenther"]
[Black "Feustel, Bernd"]
[Result "1/2-1/2"]
[WhiteElo "2434"]
[BlackElo "2319"]
[EventDate "2007.01.19"]
[PlyCount "88"]

1. e4 g6 2. d4 Bg7 3. Nf3 d6 4. Be2 Nd7 5. O-O e6 6. Be3 Ne7 7. c4 h6 8. Qd2 b6 9. Nc3 Bb7 10. Rad1 Nf6 11. Qc2 O-O 12. h3 a6 13. e5 Nd7 14. Bf4 Nf5 15. Ne4 d5 16. cxd5 Bxd5 17. Nc3 Ne7 18. Nh2 b5 19. Ng4 h5 20. Ne3 c6 21. Bg5 Re8 22. Ne4 Bxe4 23. Qxe4 Qb6 24. Bxe7 Rxe7 25. Rc1 Nb8 26. g4 Rd7 27. Rcd1 hxg4 28. hxg4 Raa7 29. f4 c5 30. dxc5 Qxc5 31. Rc1 Qb6 32. Rc8+ Rd8 33. Rxd8+ Qxd8 34. Rd1 Rd7 35. Rxd7 Nxd7 36. g5 Nc5 37. Qb4 Bf8 38. Ng4 a5 39. Qc3 Na4 40. Qd3 Qxd3 41. Bxd3 Bc5+ 42. Kg2 b4 43. Nf6+ Kg7 44. Ne4 Bd4 1/2-1/2

[Event "GER-ch 78th"]
[Site "Bad Koenigshofen"]
[Date "2007.01.23"]
[Round "5"]
[White "Degtiarev, Evgeny"]
[Black "Schuster, Martin"]
[Result "1-0"]
[WhiteElo "2393"]
[BlackElo "2223"]
[EventDate "2007.01.19"]
[PlyCount "67"]

1. e4 c6 2. d4 d5 3. e5 Bf5 4. Nd2 e6 5. Nb3 Nd7 6. Be3 Ne7 7. Be2 h6 8. f4 Rc8 9. Nf3 Bg4 10. O-O Nf5 11. Bf2 Be7 12. c3 O-O 13. Ne1 Bxe2 14. Qxe2 g6 15. g4 Ng7 16. Be3 f5 17. exf6 Nxf6 18. Nd3 Bd6 19. Ne5 Qe8 20. Qg2 Ne4 21. Nd2 Nxd2 22. Qxd2 h5 23. h3 Kh7 24. Rf2 Qd8 25. Nf3 Be7 26. Rg2 Ne8 27. Qc2 h4 28. Ne5 Rg8 29. f5 Bg5 30. fxg6+ Kg7 31. Qd2 Bxe3+ 32. Qxe3 Nd6 33. Rf1 Qe7 34. Nf7 1-0

[Event "GER-ch 78th"]
[Site "Bad Koenigshofen"]
[Date "2007.01.23"]
[Round "5"]
[White "Graf, Alexander"]
[Black "Tischbierek, Raj"]
[Result "1-0"]
[WhiteElo "2610"]
[BlackElo "2486"]
[EventDate "2007.01.19"]
[PlyCount "41"]

1. d4 d6 2. e4 Nf6 3. Nc3 g6 4. f4 Bg7 5. Nf3 O-O 6. Bd3 Na6 7. Bxa6 bxa6 8. O-O Bb7 9. Qe1 Qc8 10. Bd2 Rb8 11. Rd1 Ba8 12. b3 Qb7 13. e5 Nd7 14. Qh4 c5 15. d5 dxe5 16. f5 gxf5 17. Ng5 h6 18. Rxf5 Nf6 19. Rxf6 hxg5 20. Bxg5 exf6 21. Bh6 1-0

[Event "GER-ch 78th"]
[Site "Bad Koenigshofen"]
[Date "2007.01.23"]
[Round "5"]
[White "Heinig, Wolfram"]
[Black "Schulze, Ulrich"]
[Result "1/2-1/2"]
[WhiteElo "2364"]
[BlackElo "2297"]
[EventDate "2007.01.19"]
[PlyCount "46"]

1. d4 Nf6 2. c4 g6 3. Nc3 d5 4. Bf4 Bg7 5. e3 c5 6. dxc5 Qa5 7. Rc1 dxc4 8. Bxc4 O-O 9. Nf3 Qxc5 10. Bb3 Qa5 11. O-O Nc6 12. h3 Bf5 13. Qe2 Ne4 14. Nd5 e5 15. Rxc6 bxc6 16. Ne7+ Kh8 17. Nxc6 Qb6 18. Ncxe5 Be6 19. Bxe6 Qxe6 20. b3 Rac8 21. Nc4 Rfd8 22. Ng5 Nxg5 23. Bxg5 Rd5 1/2-1/2

[Event "GER-ch 78th"]
[Site "Bad Koenigshofen"]
[Date "2007.01.23"]
[Round "5"]
[White "Henrichs, Thomas"]
[Black "Prusikin, Michael"]
[Result "0-1"]
[WhiteElo "2483"]
[BlackElo "2571"]
[EventDate "2007.01.19"]
[PlyCount "52"]

1. d4 Nf6 2. c4 e6 3. Nc3 Bb4 4. e3 O-O 5. Bd3 d5 6. Nf3 c5 7. O-O Nc6 8. a3 Bxc3 9. bxc3 dxc4 10. Bxc4 Qc7 11. Ba2 e5 12. h3 Bf5 13. d5 Rad8 14. c4 e4 15. Qc2 Bg6 16. Nh4 Ne5 17. Bb2 Rfe8 18. Bc3 Rd6 19. Rab1 b6 20. Rbd1 Qc8 21. Nxg6 hxg6 22. Kh2 g5 23. Qb2 Nfg4+ 24. hxg4 Rh6+ 25. Kg1 Nf3+ 26. gxf3 exf3 0-1

[Event "GER-ch 78th"]
[Site "Bad Koenigshofen"]
[Date "2007.01.23"]
[Round "5"]
[White "Knuth, Hannes"]
[Black "Namyslo, Holger"]
[Result "0-1"]
[WhiteElo "2301"]
[BlackElo "2281"]
[EventDate "2007.01.19"]
[PlyCount "76"]

1. d4 d5 2. c4 e6 3. Nc3 c6 4. e4 dxe4 5. Nxe4 Bb4+ 6. Nc3 c5 7. a3 Ba5 8. Be3 Nf6 9. Qa4+ Bd7 10. Qc2 cxd4 11. Bxd4 Nc6 12. Be3 Ng4 13. Bc5 Bb6 14. Bxb6 Qxb6 15. Nf3 Nce5 16. Nxe5 Nxe5 17. Be2 Bc6 18. O-O Ng6 19. Rfd1 a5 20. b4 axb4 21. axb4 Rxa1 22. Rxa1 Qxb4 23. Ra8+ Ke7 24. Rxh8 Nxh8 25. Qxh7 Qxc3 26. Qh4+ g5 27. Qxg5+ Qf6 28. Qa5 Ng6 29. g3 Qe5 30. Qa3+ Kf6 31. Bf3 Qe1+ 32. Kg2 Ne5 33. Bxc6 bxc6 34. Qb2 Qe4+ 35. Kg1 Kf5 36. h4 Kg4 37. Qc1 Nf3+ 38. Kf1 Kh3 0-1

[Event "GER-ch 78th"]
[Site "Bad Koenigshofen"]
[Date "2007.01.23"]
[Round "5"]
[White "Koller, Jens"]
[Black "Schellmann, Frank"]
[Result "1/2-1/2"]
[WhiteElo "2246"]
[BlackElo "2107"]
[EventDate "2007.01.19"]
[PlyCount "82"]

1. e4 e5 2. f4 exf4 3. Nf3 g5 4. h4 g4 5. Ne5 d6 6. Nxg4 Nf6 7. Nxf6+ Qxf6 8. Nc3 Nc6 9. Bb5 Kd8 10. Bxc6 bxc6 11. Qf3 Bh6 12. d3 Rg8 13. Qf2 Bg4 14. Rf1 Rb8 15. Qxa7 Kd7 16. Qf2 f3 17. Nd1 Bxc1 18. Rxc1 Qh6 19. Rb1 f5 20. gxf3 Bh3 21. Rg1 fxe4 22. dxe4 Rbf8 23. Rxg8 Rxg8 24. Ne3 Qf4 25. Ke2 d5 26. Rg1 Rxg1 27. Qxg1 dxe4 28. fxe4 Qxh4 29. Qg7+ Kc8 30. Qe5 h5 31. Kd3 Qd8+ 32. Kc3 h4 33. Qh5 Be6 34. Nf5 Qf6+ 35. Kd3 Bxf5 36. exf5 Qxb2 37. Qxh4 Qb5+ 38. Qc4 Qxf5+ 39. Kc3 Qe5+ 40. Kb3 Kb7 41. Qb4+ Qb5 1/2-1/2

[Event "GER-ch 78th"]
[Site "Bad Koenigshofen"]
[Date "2007.01.23"]
[Round "5"]
[White "Meister, Jakob [RUS]"]
[Black "Kachiani Gersinska, Ketino"]
[Result "1-0"]
[WhiteElo "2491"]
[BlackElo "2374"]
[EventDate "2007.01.19"]
[PlyCount "77"]

1. b3 e5 2. Bb2 Nc6 3. e3 Nh6 4. Ne2 d5 5. d4 exd4 6. Nxd4 Nxd4 7. Qxd4 Nf5 8. Qd2 Be6 9. Nc3 Be7 10. Bd3 c6 11. e4 Nh4 12. f4 d4 13. Nd1 Bh3 14. Bf1 f5 15. Kf2 fxe4 16. Qxd4 Qxd4+ 17. Bxd4 O-O-O 18. c3 c5 19. Be3 Bg4 20. Nb2 g5 21. g3 Nf5 22. Be2 Nxe3 23. Kxe3 gxf4+ 24. gxf4 Bxe2 25. Kxe2 Bf6 26. Na4 Rd5 27. Rad1 Rf5 28. Ke3 b5 29. Kxe4 Rh5 30. Nb2 Bxc3 31. Nd3 Re8+ 32. Kf3 c4 33. bxc4 bxc4 34. Nf2 Bb4 35. Rd4 Bc5 36. Rxc4 Re3+ 37. Kg4 Rd5 38. Rhc1 h5+ 39. Kh4 1-0

[Event "GER-ch 78th"]
[Site "Bad Koenigshofen"]
[Date "2007.01.23"]
[Round "5"]
[White "Schenderowitsch, Michael"]
[Black "Meins, Gerlef"]
[Result "1/2-1/2"]
[WhiteElo "2268"]
[BlackElo "2460"]
[EventDate "2007.01.19"]
[PlyCount "25"]

1. d4 d5 2. c4 c6 3. cxd5 cxd5 4. Nc3 Nf6 5. Bf4 Nc6 6. e3 e6 7. Rc1 Bd6 8. Bxd6 Qxd6 9. f4 O-O 10. Bd3 Bd7 11. Nf3 Ne8 12. Ne5 Qe7 13. O-O 1/2-1/2

[Event "GER-ch 78th"]
[Site "Bad Koenigshofen"]
[Date "2007.01.23"]
[Round "5"]
[White "Seuffert, Gabriel"]
[Black "Fischer, Thomas2"]
[Result "1/2-1/2"]
[WhiteElo "2339"]
[BlackElo "2045"]
[EventDate "2007.01.19"]
[PlyCount "86"]

1. c4 c5 2. Nf3 Nc6 3. d4 cxd4 4. Nxd4 Nf6 5. Nc3 g6 6. g3 Bg7 7. Bg2 O-O 8. O-O Nxd4 9. Qxd4 d6 10. Qd3 a6 11. Bd2 Qc7 12. Rac1 Bd7 13. b3 Rac8 14. h3 Qb8 15. a4 b6 16. Bg5 Rfe8 17. e4 Bc6 18. Be3 Qb7 19. Bd4 Nd7 20. Bxg7 Kxg7 21. b4 Qa8 22. f4 a5 23. b5 Bb7 24. Rc2 Rc7 25. Qd4+ f6 26. Re1 Qc8 27. Bf1 Rc5 28. g4 Kg8 29. Nd5 Bxd5 30. exd5 Kf7 31. Qe3 Rc7 32. h4 Nc5 33. f5 Rg8 34. Qh6 Rg7 35. fxg6+ hxg6 36. Qf4 g5 37. hxg5 Rxg5 38. Rg2 Qd7 39. Qh2 Rc8 40. Qh7+ Rg7 41. Qh5+ Rg6 42. Qh7+ Rg7 43. Qh5+ Rg6 1/2-1/2

[Event "GER-ch 78th"]
[Site "Bad Koenigshofen"]
[Date "2007.01.23"]
[Round "5"]
[White "Stanke, Juergen"]
[Black "Enders, Peter"]
[Result "0-1"]
[WhiteElo "2323"]
[BlackElo "2433"]
[EventDate "2007.01.19"]
[PlyCount "56"]

1. c4 Nf6 2. Nc3 g6 3. g3 Bg7 4. Bg2 O-O 5. Nf3 d6 6. O-O e5 7. d3 h6 8. Rb1 Nc6 9. b4 Be6 10. b5 Ne7 11. Bb2 Qc8 12. e4 Bh3 13. d4 Bxg2 14. Kxg2 exd4 15. Qxd4 Re8 16. Rfe1 a6 17. a4 Nd7 18. Qd2 axb5 19. axb5 Nc5 20. b6 cxb6 21. Nd5 Nxd5 22. Bxg7 Kxg7 23. exd5 Rxe1 24. Qxe1 Qf5 25. Rxb6 Ra2 26. Qb1 Qxb1 27. Rxb1 Ne4 28. Rf1 Rc2 0-1

[Event "GER-ch 78th"]
[Site "Bad Koenigshofen"]
[Date "2007.01.23"]
[Round "5"]
[White "Suren, Peter"]
[Black "Bastian, Herbert"]
[Result "0-1"]
[WhiteElo "2211"]
[BlackElo "2411"]
[EventDate "2007.01.19"]
[PlyCount "128"]

1. b3 Nf6 2. Bb2 d6 3. Nc3 g6 4. e4 Bg7 5. Bd3 Nbd7 6. Qe2 c6 7. O-O-O b5 8. g4 Ne5 9. h3 a5 10. f4 Nxd3+ 11. Qxd3 O-O 12. e5 dxe5 13. Qxd8 Rxd8 14. fxe5 Nd5 15. Nf3 Nxc3 16. Bxc3 c5 17. Rhf1 b4 18. Bb2 Bb7 19. h4 Bd5 20. d3 a4 21. Rde1 Ra6 22. Kb1 Be6 23. Re4 Rda8 24. Ng5 Bd5 25. Re2 axb3 26. axb3 Ra2 27. Rfe1 h6 28. Ne4 Rxb2+ 29. Kxb2 Bxe5+ 30. d4 Bxd4+ 31. c3 bxc3+ 32. Kc2 c4 33. Nxc3 cxb3+ 34. Kd3 Bxc3 35. Kxc3 e6 36. Rf2 Ra4 37. Ref1 e5 38. Re1 Rxg4 39. Rxe5 Be6 40. Rh2 h5 41. Ra5 Kg7 42. Ra7 Rc4+ 43. Kb2 Rb4 44. Re2 Kf6 45. Rf2+ Ke5 46. Ra5+ Ke4 47. Rg5 Ke3 48. Rh2 Ra4 49. Rh1 Ra2+ 50. Kc3 Rc2+ 51. Kb4 b2 52. Re5+ Kf4 53. Ree1 Bf5 54. Kb3 Rf2 55. Rhf1 Rxf1 56. Rxf1+ Kg3 57. Kxb2 Kxh4 58. Kc3 Kg3 59. Kd2 h4 60. Ke3 h3 61. Rg1+ Kh4 62. Kf4 Be6 63. Rd1 h2 64. Rd8 Bg4 0-1

[Event "GER-ch 78th"]
[Site "Bad Koenigshofen"]
[Date "2007.01.23"]
[Round "5"]
[White "Von Herman, Ulf"]
[Black "Reinhardt, Bernd"]
[Result "1-0"]
[WhiteElo "2364"]
[BlackElo "2347"]
[EventDate "2007.01.19"]
[PlyCount "79"]

1. d4 Nf6 2. c4 d6 3. Nc3 e5 4. Nf3 Nbd7 5. e4 Be7 6. Be2 O-O 7. O-O c6 8. Be3 exd4 9. Nxd4 Nc5 10. f3 a5 11. Qd2 Re8 12. Rfd1 Bf8 13. Nxc6 Ncxe4 14. Nxd8 Nxd2 15. Bxd2 Rxd8 16. Bg5 Be7 17. Rd2 Be6 18. Rad1 Rac8 19. b3 h6 20. Be3 Rc6 21. h3 g5 22. g4 Nd7 23. f4 f5 24. Bf3 fxg4 25. hxg4 gxf4 26. Bxf4 Bf6 27. Nd5 Be5 28. Ne7+ Kf7 29. Nxc6 bxc6 30. Bxe5 Nxe5 31. Bg2 Ke7 32. c5 d5 33. Re1 Nd7 34. g5 Rg8 35. gxh6 Rh8 36. Rxe6+ Kxe6 37. Bh3+ Ke7 38. Re2+ Kd8 39. Re6 Nxc5 40. Rxc6 1-0